000 00571nam a2200181Ia 4500
999 _c37148
_d37148
003 OSt
005 20200821150504.0
008 190216s9999||||xx |||||||||||||| ||und||
020 _a9783527331857
040 _coclc
082 _a615.19
_bKAP/M
100 _a Kappe, C Oliver
_94289
245 0 _aMicrowaves In Organic And Medicinal Chemistry Vol-52 /
_cOliver C Kappe ; Alexander Stadler ; Doris Dallinger
260 _bWiley VCH,
_c2014.
_aBritain:
300 _a668p
650 _aChemistry
942 _cREF
_2ddc
_h615.19
_iKAP/M
_k615.19
_mKAP/M